KFZ-Kennzeichen der Österreichischen Bezirke - Statistiken

Allgemein
  • Dieses Quiz wurde 3.227 mal gespielt
    3.113 seit der letzten Aktualisierung
  • Das Durchschnittsergebnis liegt bei 65 aus 98
Antwortstatistiken
Bundesland Bezirk KFZ-Kz. % Korrekt
Burgenland Eisenstadt E
96%
Burgenland Eisenstadt-Umgebung EU
95%
Burgenland Mattersburg MA
89%
Burgenland Jennersdorf JE
87%
Niederösterreich Amstetten AM
86%
Burgenland Oberwart OW
86%
Vorarlberg Bregenz B
84%
Burgenland Güssing GS
84%
Burgenland Oberpullendorf OP
84%
Kärnten Klagenfurt am Wörthersee K
83%
Kärnten Klagenfurt-Land KL
83%
Kärnten Villach VI
83%
Kärnten Villach-Land VL
83%
Niederösterreich Bruck an der Leitha BL
82%
Vorarlberg Dornbirn DO
82%
Vorarlberg Feldkirch FK
82%
Niederösterreich Baden BN
80%
Niederösterreich Horn HO
80%
Kärnten Wolfsberg WO
79%
Vorarlberg Bludenz BZ
77%
Niederösterreich St. Pölten P
77%
Kärnten Spittal an der Drau SP
77%
Kärnten Hermagor HE
76%
Niederösterreich Korneuburg KO
76%
Niederösterreich Melk ME
76%
Niederösterreich St. Pölten-Land PL
76%
Niederösterreich Gmünd GD
75%
Kärnten Feldkirchen FE
74%
Oberösterreich Linz L
74%
Oberösterreich Linz-Land LL
74%
Niederösterreich Mödling MD
74%
Niederösterreich Mistelbach MI
74%
Niederösterreich Neunkirchen NK
74%
Kärnten St. Veit an der Glan SV
74%
Niederösterreich Tulln an der Donau TU
74%
Niederösterreich Wiener Neustadt WN
73%
Niederösterreich Hollabrunn HL
71%
Oberösterreich Ried im Innkreis RI
71%
Niederösterreich Scheibbs SB
71%
Kärnten Völkermarkt VK
71%
Oberösterreich Gmunden GM
70%
Niederösterreich Lilienfeld LF
70%
Oberösterreich Perg PE
70%
Oberösterreich Braunau am Inn BR
69%
Oberösterreich Freistadt FR
69%
Tirol Innsbruck I
69%
Oberösterreich Rohrbach RO
69%
Oberösterreich Eferding EF
68%
Tirol Innsbruck-Land IL
68%
Oberösterreich Grieskirchen GR
67%
Niederösterreich Krems an der Donau KS
67%
Niederösterreich Waidhofen an der Ybbs WY
67%
Burgenland Neusiedl am See ND
66%
Oberösterreich Wels WE
66%
Oberösterreich Wels-Land WL
66%
Niederösterreich Waidhofen an der Thaya WT
66%
Niederösterreich Zwettl ZT
66%
Niederösterreich Gänserndorf GF
65%
Tirol Imst IM
65%
Oberösterreich Kirchdorf an der Krems KI
65%
Oberösterreich Steyr SR
65%
Steiermark Graz G
64%
Tirol Kitzbühel KB
64%
Tirol Kufstein KU
64%
Tirol Lienz LZ
63%
Oberösterreich Schärding SD
63%
Oberösterreich Urfahr-Umgebung UU
63%
Steiermark Graz-Umgebung GU
62%
Tirol Landeck LA
62%
Niederösterreich Krems-Land KR
61%
Tirol Reutte RE
61%
Oberösterreich Vöcklabruck VB
61%
Tirol Schwaz SZ
60%
Steiermark Bruck-Mürzzuschlag BM
58%
Steiermark Hartberg-Fürstenfeld HF
57%
Steiermark Leoben (Stadt) LE
57%
Salzburg Salzburg S
55%
Steiermark Leibnitz LB
53%
Wien Wien W
53%
Salzburg Hallein HA
51%
Steiermark Murau MU
51%
Steiermark Murtal MT
49%
Salzburg Salzburg-Umgebung SL
48%
Niederösterreich Bruck/Leitha (Schwechat) SW
47%
Steiermark Weiz WZ
47%
Steiermark Voitsberg VO
46%
Salzburg Zell am See ZE
46%
Steiermark Deutschlandsberg DL
45%
Salzburg Tamsweg TA
44%
Steiermark Südoststeiermark SO
43%
Steiermark Liezen (Liezen) LI
42%
Oberösterreich Steyr-Land SE
40%
Steiermark Leoben (Rest) LN
39%
Salzburg St. Johann im Pongau JO
37%
Niederösterreich Tulln (Klosterneuburg) KG
32%
Burgenland Rust E
30%
Niederösterreich Wiener Neustadt-Land WB
30%
Steiermark Liezen (Gröbming) GB
29%
Keine übereinstimmenden Quizze gefunden
Verteilung der Resultate
Anzahl Personen mit jedem Resultat
Perzentil nach korrekt beantworteten Fragen
Ihre Resultats-Entwicklung
Sie haben dieses Quiz seit der letzten Aktualisierung nicht gespielt